| 000 | 00648nam a2200205Ia 4500 | ||
|---|---|---|---|
| 003 | GCL | ||
| 008 | 140319s9999 xx 000 0 ara d | ||
| 040 |
_aGCL / _cGCL |
||
| 082 | 0 | 4 |
_aم _b956.531 _bى م |
| 100 | 1 | _aيوسف جميل نعيسة | |
| 245 | 1 | 0 |
_aمجتمع مدينة دمشق 1186_ 1256هْـ 1772_ 1840م / _cيوسف جميل نعيسة |
| 260 |
_a[S.N] : _bطلاس للدراسات والترجمة والنشر ، _c1986 |
||
| 300 | _a824 ص | ||
| 490 | _a | ||
| 650 | 0 | 4 | _aالعادات والتقاليد |
| 650 | 0 | 4 | _aسوريا |
| 650 | 0 | 4 | _aدمشق |
| 650 | 0 | 4 | _aالتاريخ الاسلامى |
| 942 |
_2ddc _cBK |
||
| 999 |
_c35177 _d35177 |
||